[Event "Yerevan op 1st"]
[Site "Yerevan"]
[Date "2016.10.10"]
[Round "9"]
[White "Hovsepyan, David"]
[Black "Mkrtchyan, Mariam"]
[Result "1-0"]
[WhiteElo "2091"]
[BlackElo "1785"]
[PlyCount "71"]
[EventDate "2016.10.02"]
[EventType "swiss"]
[EventRounds "9"]
[EventCountry "ARM"]
[SourceTitle "EXT 2017"]
[Source "ChessBase"]
[SourceDate "2016.10.25"]
[SourceVersion "1"]
[SourceVersionDate "2016.10.25"]
[SourceQuality "1"]

1. d4 c5 2. d5 Nf6 3. Nf3 e6 4. Nc3 d6 5. e4 Be7 6. Bb5+ Bd7 7. dxe6 fxe6 8. e5 dxe5 9. Bc4 Nc6 10. Ng5 Nd4 11. Qd3 Rc8 12. a4 0-0 13. Bd2 h6 14. h4 e4 15. Ncxe4 hxg5 16. Nxf6+ Rxf6 17. hxg5 Rf5 18. c3 Bxg5 19. f4 Bh4+ 20. Kd1 b5 21. axb5 Bxb5 22. cxd4 Bxc4 23. Qxc4 Rd5 24. Rxa7 Rc6 25. Qa4 Rc8 26. Qb3 Rb8 27. Qh3 Rxd4 28. Qxe6+ Kh8 29. Qg6 Rxd2+ 30. Kc1 Rxg2 31. Qxg2 g5 32. Rxh4+ Kg8 33. Rh8+ Kxh8 34. Qh3+ Kg8 35. Qh7+ Kf8 36. Qh8# 1-0

[Event "EU-ch U18 23rd"]
[Site "Budva"]
[Date "2013.10.05"]
[Round "6"]
[White "Oganian, Miran1111"]
[Black "Hovsepyan, David"]
[Result "1-0"]
[WhiteElo "2331"]
[BlackElo "2001"]
[PlyCount "137"]
[EventDate "2013.09.29"]
[EventType "swiss"]
[EventRounds "9"]
[EventCountry "MNE"]
[SourceTitle "CBM 156 Extra"]
[Source "ChessBase"]
[SourceDate "2013.10.22"]
[SourceVersion "1"]
[SourceVersionDate "2013.10.22"]
[SourceQuality "1"]

1. d4 Nf6 2. c4 e6 3. g3 d5 4. Nf3 Bb4+ 5. Bd2 Be7 6. Bg2 0-0 7. 0-0 c6 8. Qc2 Nbd7 9. Bf4 b6 10. Rd1 Ba6 11. cxd5 cxd5 12. Nc3 b5 13. a3 Rc8 14. Qb3 Qb6 15. h3 Rc4 16. Nd2 b4 17. axb4 Rxb4 18. Qa3 Bb5 19. Na2 Qxd4 20. Nxb4 Bxb4 21. Qf3 a5 22. Rab1 Ne5 23. Qe3 Qxe3 24. fxe3 Ned7 25. Kf2 Rc8 26. e4 e5 27. Bg5 Bc5+ 28. Kf1 Nh5 29. exd5 h6 30. Bf3 Nxg3+ 31. Kg2 Nxe2 32. Bh4 Nf4+ 33. Kh2 Bb4 34. Be4 g5 35. Be1 Nf6 36. Bf5 Rd8 37. Ne4 N6xd5 38. Bg3 Be2 39. Bxf4 Bxd1 40. Rxd1 exf4 41. Rxd5 Rxd5 42. Nf6+ Kg7 43. Nxd5 Bc5 44. b3 h5 45. Kg2 Kh6 46. Kf3 Bd4 47. Ke4 Bf2 48. Ke5 Kg7 49. Bc8 Be1 50. Kf5 Kh6 51. Bd7 f3 52. Bb5 f2 53. Nf6 Bd2 54. Ne4 Be3 55. Bf1 g4 56. h4 Kg7 57. Ng3 Kh6 58. Kf6 Bb6 59. Kxf7 Bd8 60. Nf5+ Kh7 61. Bd3 Bb6 62. Ne7+ Kh8 63. Kg6 g3 64. Bf1 Bd8 65. Nf5 Kg8 66. Kxh5 Kf7 67. Nxg3 Ke6 68. Kg4 Kd5 69. Bb5 1-0

[Event "EU-ch U18 23rd"]
[Site "Budva"]
[Date "2013.09.30"]
[Round "2"]
[White "Kraus, Tomas"]
[Black "Hovsepyan, David"]
[Result "1-0"]
[WhiteElo "2370"]
[BlackElo "2001"]
[PlyCount "59"]
[EventDate "2013.09.29"]
[EventType "swiss"]
[EventRounds "9"]
[EventCountry "MNE"]
[SourceTitle "CBM 156 Extra"]
[Source "ChessBase"]
[SourceDate "2013.10.22"]
[SourceVersion "1"]
[SourceVersionDate "2013.10.22"]
[SourceQuality "1"]

1. d4 Nf6 2. Nf3 e6 3. e3 c5 4. Bd3 d5 5. b3 Qa5+ 6. c3 Nbd7 7. 0-0 Bd6 8. Bb2 0-0 9. c4 Re8 10. Ne5 cxd4 11. exd4 dxc4 12. Nxc4 Qc7 13. Nxd6 Qxd6 14. Nd2 Nb6 15. Re1 Bd7 16. Ne4 Nxe4 17. Rxe4 Nd5 18. Rh4 f5 19. Qh5 Nf4 20. Qxh7+ Kf7 21. d5 Rg8 22. dxe6+ Bxe6 23. Bxf5 Bd5 24. Rxf4 Qxf4 25. Qg6+ Ke7 26. Re1+ Kd8 27. Bc1 Qb4 28. Bd2 Bf7 29. Qxf7 Qxd2 30. Qe7# 1-0